| 000 | 01162cam a22003131 4500 | ||
|---|---|---|---|
| 001 | 11281 | ||
| 003 | BD-RjUL | ||
| 005 | 20211208235111.0 | ||
| 008 | 140126s1965 xx 001 0 eng | ||
| 035 | _a(BD-RjUL)11330 | ||
| 035 | _a(OCoLC)766023 | ||
| 040 |
_aDLC _cOTU _dOCoLC _dUk _dDLC _dBD-RjUL _beng |
||
| 041 | _aeng | ||
| 082 |
_a547.134 _bPED 1965 |
||
| 100 | 1 |
_aPerrin, D. D. _q(Douglas Dalzell), _d1922- _934904 |
|
| 245 | 1 | 0 |
_aDissociation constants of organic bases in aqueous solution / _c[by] D. D. Perrin. |
| 260 |
_aLondon : _bButterworths, _cc1965. |
||
| 300 |
_avii, 473, xlii p. ; _c26 cm. |
||
| 500 | _aAt head of title: International Union of Pure and Applied Chemistry, Analytical Chemistry Division, Commission on Electroanalytical Chemistry. | ||
| 500 | _a"Published as a supplement to Pure and applied chemistry." | ||
| 504 | _aBibliography: p. 452-473 & Includes Index. | ||
| 650 | 0 |
_aDissociation. _930702 |
|
| 650 | 0 |
_aChemistry, Organic _xTables. _934905 |
|
| 650 | 0 |
_aElectrochemistry _934906 |
|
| 730 | 0 |
_aPure and Applied Chemistry. Supplement. _934912 |
|
| 942 |
_2ddc _cBK |
||
| 999 |
_c11281 _d11281 |
||